Marcatori del Napoli in UEFA Champions League 2013-2014 - Statistics

Statistiche generali
  • Questo quiz è stato fatto 17 volte
  • Il punteggio medio è 8 su 10
Statistiche sulle risposte
Partita Minuto Marcatore % Corretto
Napoli - Borussia Dortmund 2-1 29' Gonzalo Higuaín
94%
Napoli - Olympique Marsiglia 3-2 24' Gonzalo Higuaín
94%
Napoli - Olympique Marsiglia 3-2 75' Gonzalo Higuaín
94%
Napoli - Arsenal 2-0 73' Gonzalo Higuaín
94%
Napoli - Borussia Dortmund 2-1 67' Lorenzo Insigne
94%
Borussia Dortmund - Napoli 3-1 71' Lorenzo Insigne
94%
Olympique Marsiglia - Napoli 1-2 43' José María Callejón
88%
Napoli - Arsenal 2-0 93' José María Callejón
88%
Napoli - Olympique Marsiglia 3-2 22' Gökhan Inler
44%
Olympique Marsiglia - Napoli 1-2 68' Duván Zapata
38%
Nessun quiz corrispondente trovato
Distribuzione punteggi
Percentuale di utenti per punteggio
Percentile per numero di risposta
I tuoi punteggi nel tempo
Non hai fatto questo quiz